00721cam a22002293a 450000100060000000300060000600500170001200800410002904000150007004200070008505000070009205000070009910000260010624501320013226000290026450600300029351600200032365300290034365300480037283000290042085600420044923705PGUSA20140828083515.0071201s2007||||xxu|||||s|||||000 | eng d aPGUSAbeng adc 4aCT 4aHQ1 aAbbott, L. A.,d1813-10aSeven Wives and Seven Prisons :bOr, Experiences in the Life of a Matrimonial Monomaniach[electronic resource] /cL. A. Abbott bProject Gutenberg,c2007 aPublic domain in the USA. aElectronic text aDivorce -- United States aMarriage customs and rites -- United States 0aProject Gutenbergv2370540uhttp://www.gutenberg.org/ebooks/23705